States of health : the ethics and consequences of policy variation in a federal system /

"This book is about relationships between a federalist political system and bioethics. It was conceived when the paramount issue about federalism in the U.S. seemed be access to care, with states refusing to access Medicaid. It was initially drafted when fifty years of federal constitutional pr...

Full description

Bibliographic Details
Main Authors: Francis, Leslie, 1946- (Author), Francis, John G., 1943- (Author)
Format: eBook
Language:English
Published: New York : Oxford University Press, [2024]
Subjects:
Online Access:Connect to the full text of this electronic book

MARC

Tag First Indicator Second Indicator Subfields
LEADER 00000cam a2200000 i 4500
001 in00005726607
005 20260319204329.1
006 m o d
007 cr |||||||||||
008 240114t20242024nyu ob 001 0 eng
010 |a  2023051101 
040 |a DLC  |b eng  |e rda  |e pn  |c DLC  |d OCLCO  |d STBDS  |d EBLCP  |d OCLCO  |d OCLCQ  |d N$T  |d GZM  |d VLB  |d YWS  |d OCLCO  |d CLOUD  |d OCLCO  |d OCLCQ  |d OCLCO  |d OCLCL  |d IUL  |d UKAHL 
019 |a 1548051276  |a 1548107823 
020 |a 9780197538685  |q (electronic book) 
020 |a 0197538681  |q (electronic book) 
020 |a 0197538673 
020 |a 9780197538678  |q (electronic bk.) 
020 |z 9780197538654  |q (hardback) 
020 |a 9780197538661  |q (hardback)  |q (e-book) 
020 |a 0197538665 
035 |a (OCoLC)1419079888  |z (OCoLC)1548051276  |z (OCoLC)1548107823 
042 |a pcc 
043 |a n-us--- 
050 4 |a RA395.A3  |b F695 2024 
082 0 0 |a 174.2  |2 23/eng/20240126 
049 |a TXAM 
100 1 |a Francis, Leslie,  |d 1946-  |e author.  |1 https://id.oclc.org/worldcat/entity/E39PBJgCJdCwVx7TgHJmDXqfbd 
245 1 0 |a States of health :  |b the ethics and consequences of policy variation in a federal system /  |c Leslie P. Francis, John G. Francis. 
263 |a 2406 
264 1 |a New York :  |b Oxford University Press,  |c [2024] 
264 4 |c ©2024 
300 |a 1 online resource. 
336 |a text  |b txt  |2 rdacontent 
337 |a computer  |b c  |2 rdamedia 
338 |a online resource  |b cr  |2 rdacarrier 
504 |a Includes bibliographical references and index. 
505 0 |a States of health for bioethics -- Federalism : justifications and limits -- Differences among states -- The complications of federalism for public health -- The federal government, the states, and health -- Care quality and the states -- End of life decisions : convergence or variation -- States, health information, and patient confidentiality -- Experimentation and state variations : the example of drugs -- Reproduction and the states -- Epilogue: The shifting landscape of U.S. federalism : when care divides. 
520 |a "This book is about relationships between a federalist political system and bioethics. It was conceived when the paramount issue about federalism in the U.S. seemed be access to care, with states refusing to access Medicaid. It was initially drafted when fifty years of federal constitutional protection for reproductive freedom seemed increasingly likely to end. And it was completed in the shadow of the Supreme Court's Dobbs decision to return abortion regulation "to the people's elected representatives" in the states. Our book explores the permissibility of differences about health, health care, and public health in a single polity of interconnected subnational units with constitutionally recognized status-that is, a federalist society. Abortion is but the tip of the iceberg of these differences, albeit a very pointed one. The federalism of the compound republic constructed by Hamilton and Madison has flexibilities and strengths but also weaknesses in dealing with moral conflicts in circumstances of injustice. These features of federalism generate ethical challenges for health care providers, their patients, and public health. A further goal of this book is to consider how providers should negotiate these challenges"--  |c Provided by publisher. 
588 |a Description based on online resource; title from home page (Oxford Academic, viewed July 30, 2025). 
650 0 |a Medical policy  |z United States  |x States. 
650 0 |a Medical ethics  |x Political aspects  |z United States  |x States. 
650 0 |a Public health  |x Political aspects  |z United States  |x States. 
650 0 |a Federal government  |z United States. 
650 0 |a U.S. states  |x Politics and government. 
650 0 |a Medical policy. 
650 0 |a Bioethics. 
650 0 |a Comparative government. 
650 0 |a Federal government. 
650 2 |a Health Policy 
650 2 |a Bioethical Issues 
650 2 |a Bioethical Issues  |x legislation & jurisprudence 
650 2 |a Public Health  |x ethics 
650 2 |a Public Health  |x legislation & jurisprudence 
650 2 |a Political Systems 
650 2 |a Federal Government 
650 2 |a State Government 
651 2 |a United States 
650 6 |a Politique sanitaire  |z États-Unis  |x États. 
650 6 |a Éthique médicale  |x Aspect politique  |z États-Unis  |x États. 
650 6 |a Santé publique  |x Aspect politique  |z États-Unis  |x États. 
650 6 |a Politique sanitaire. 
650 6 |a Bioéthique. 
650 6 |a Régimes politiques. 
650 6 |a Gouvernement fédéral. 
650 7 |a federal government.  |2 aat 
650 7 |a Ethics & Moral Philosophy.  |2 bisacsh 
650 7 |a PHILOSOPHY.  |2 bisacsh 
650 7 |a Philosophy & Social Aspects.  |2 bisacsh 
650 7 |a SCIENCE.  |2 bisacsh 
650 7 |a Social services & welfare, criminology.  |2 thema 
650 7 |a Health and Wellbeing.  |2 ukslc 
653 |a federalism, policy variation, bioethics, freedom of movement, health disparities, abortion, Medicaid, privacy, end of life decisions, medical marijuana 
655 7 |a Electronic books.  |2 local 
700 1 |a Francis, John G.,  |d 1943-  |e author.  |1 https://id.oclc.org/worldcat/entity/E39PCjBFhCQWyCqJrQw9yvxPXq 
776 0 8 |i Print version:  |a Francis, Leslie, 1946-  |t States of health  |d New York : Oxford University Press, 2024  |z 9780197538654  |w (DLC) 2023051100 
856 4 0 |u http://proxy.library.tamu.edu/login?url=https://academic.oup.com/book/56441  |z Connect to the full text of this electronic book  |t 0 
955 |a Oxford Scholarship Online 
994 |a 92  |b TXA 
999 f f |i 82ad5c34-7fd4-4820-9a3c-18b07a6b968d  |s 0d310129-1b2e-4c35-8a0c-30c79fde1f15  |t 0 
952 f f |a Texas A&M University  |b College Station  |c Electronic Resources  |s www_evans  |d Available Online  |t 0  |e RA395.A3 F695 2024  |h Library of Congress classification 
998 f f |a RA395.A3 F695 2024  |t 0  |l Available Online